000
00302nam a2200097Ia 4500
008
160715s9999 xx 000 0 und d
245
_a
SSLC 1st Gala night Invitation
260
_b
SSLC
_c
February 17, 2016
500
_a
1st Foundation celebration - Gala Night - Invitation
650
_a
Archival materials.
999
_c
297750
_d
297750